| 000 | 01143nmc a2200373 a 4500 | ||
|---|---|---|---|
| 003 | AR-BaBNM | ||
| 005 | 20251128211337.0 | ||
| 008 | 044020s2000 ||||||||||||||000 | spa|| | ||
| 020 | _a950-0739-741-8 | ||
| 040 | _cAR-BaBNM | ||
| 100 | 1 | _aTwain, Mark | |
| 245 | 1 | 0 | _aCuentos con humor |
| 260 |
_aBuenos Aires _bErrepar _c2000 |
||
| 300 | _a183 p. | ||
| 490 | 0 | _aClásicos de bolsillo | |
| 500 | _aIncluye biografía del autor al comienzo del volumen | ||
| 505 | 0 | _tLa célebre rana saltadora del Condado de Calaveras | |
| 505 | 0 | _tLas aventuras de Tom Sawyer | |
| 505 | 0 | _tAutobiografía | |
| 505 | 0 | _t¡Marca, amigo mío, marca! | |
| 505 | 0 | _tEl robo del elefante blanco | |
| 505 | 0 | _tCómo llegué a ser director de un periódico de agricultura | |
| 505 | 0 | _tFrases de Mark Twain | |
| 505 | 0 | _tEl hombre más perverso y el hombre más estúpido de Turquía | |
| 650 | 4 | _aLITERATURA ESTADOUNIDENSE | |
| 650 | 4 | _aLITERATURA CONTEMPORANEA | |
| 650 | 4 | _aCUENTOS | |
| 650 | 4 | _aHUMOR | |
| 653 | _aNARRATIVA | ||
| 655 | _aLITERATURA | ||
| 700 | 1 |
_aRepún, Graciela _eprologuista |
|
| 942 | _cBK | ||
| 998 | _cLaura | ||
| 999 |
_c19253 _d19253 |
||